La escena temblorosa

Gespeichert in:
Bibliographische Detailangaben
1. Verfasser: Matamala Elorz, Roberto (autor)
Format: Buch
Sprache:Spanisch
Veröffentlicht: Valdivia Ediciones Kultrún 2018
Ausgabe:1a. ed
Schlagworte:
Tags: Tag hinzufügen
Keine Tags, Fügen Sie den ersten Tag hinzu!

MARC

LEADER 00000cam a2200000 a 4500
001 UCC8931
003 CL-VaPUC
008 190830e20180000cl |||||||||||||||||spa|d
020 |a 9789563441024 
082 0 4 |a Ch862.09  |b MAT  |2 21 
100 |a Matamala Elorz, Roberto  |e autor  |9 603637 
245 1 3 |a La escena temblorosa 
250 |a 1a. ed 
300 |a 146 p 
942 |c BK 
945 |d 20190830 10:52:00  |a dcastane 
260 |a Valdivia  |b Ediciones Kultrún  |c 2018 
650 0 |a Teatro chileno  |9 266701 
650 0 |a Crítica e interpretación   |9 255042 
583 |a last modification  |c 20190830 10:52:00  |k Rodrigo Vera 
999 |c 375127  |d 375125 
952 |0 0  |1 0  |3 erb  |4 0  |6 CH_862_090000000000000_MAT_2018  |7 0  |8 A  |9 494019  |a BIBEDU  |b BIBEDU  |i 5596572  |o Ch862.09 MAT 2018  |p 5596572  |r 2019-11-24  |w 2019-11-24  |y BK  |z Catalogado en:20190830  |k LIT